The Simpsons: Baby On Board Quiz Stats

 Plays Quiz Updated Oct 13, 2016

Score 0/58 Timer 04:00
0 Plays Today
% Correct
Baby
98.4%
baby
98.4%
on
97.9%
on
97.9%
on
97.9%
board,
97.5%
board.
97.5%
the
94.9%
a
94.9%
a
94.9%
I
90.4%
my
72.1%
my
72.1%
my
72.1%
how
65%
with
57.8%
With
57.8%
you
55.9%
that
55.3%
That
55.3%
to
54.4%
adored,
49.5%
sign
49.1%
sign
49.1%
in
43.7%
in
43.7%
I've
42.3%
car's
41.7%
I'm
40.4%
% Correct
I'm
40.4%
it's
39.8%
paradise.
39.7%
trip
39.5%
be
37.8%
nice;
35.1%
me
33.5%
windowpane.
31.2%
each
29.3%
mighty
29%
trip's
27.1%
little
25.7%
don't
25.1%
telling
24.9%
driving
24%
yellow
23.7%
can't
23.5%
care.
23.2%
lane.
21.8%
carpool
20.7%
'cause
19.5%
ignored.
19.4%
friend,
18.3%
Call
17.7%
square;
17.7%
step;
16.7%
pep,
16.7%
loaded
15.7%
Bounce
15.5%

You're not logged in!

Compare scores with friends on all Sporcle quizzes.
OR
Log In

Sporcle TV

Today on Sporcle TV


Watch our educational content, quiz creation guides, and fun videos on Sporcle TV.

Show Comments

Extras

Top Quizzes Today


Score Distribution

Your Account Isn't Verified!

In order to create a playlist on Sporcle, you need to verify the email address you used during registration. Go to your Sporcle Settings to finish the process.

Report this User

Report this user for behavior that violates our Community Guidelines.

Details: